000 00638nam a2200253Ia 4500
003 OSt
005 20221007081320.0
006 a|||||r|||| 00| 0
007 ta
008 221006b |||||||| |||| 00| 0 eng d
020 _a9780198748328
024 _a31,459
037 _cTextual
040 _aFLL
_cFLL
_beng
041 _2eng
_aeng
082 _aD854:Z1, Q7
100 _aBELL Stuart
245 0 _aEnvironmental law
250 _a9th
260 _aNew York
_bOxford University Press USA
_c2017
300 _alxii,809p.
_ccm.
942 _hD854:Z1, Q7
_cTEXL
_2CC
999 _c1162715
_d1162715